Programa de historia crítica de España (Record no. 156523)
[ view plain ]
| 000 -LEADER | |
|---|---|
| campo de control de longitud fija | 00657nam a22001575i 4500 |
| 001 - NÚMERO DE CONTROL | |
| campo de control | 156523 |
| 003 - IDENTIFICADOR DE NÚMERO DE CONTROL | |
| campo de control | ES-MaACL |
| 005 - FECHA Y HORA DE LA ÚLTIMA TRANSACCIÓN | |
| campo de control | 20230906210430.0 |
| 008 - DATOS DE LONGITUD FIJA--INFORMACIÓN GENERAL | |
| campo de control de longitud fija | 040806s1889 sp |||| | spa d |
| 100 1# - ENTRADA PRINCIPAL--NOMBRE DE PERSONA | |
| Nombre de persona | Juste e Isaba, Pedro. |
| 9 (RLIN) | 128407 |
| 245 10 - MENCIÓN DEL TÍTULO | |
| Título | Programa de historia crítica de España |
| Resto del título | : para los alumnos del curso preparatorio de derecho / |
| Mención de responsabilidad, etc. | por Pedro Juste é Isaba. |
| 260 ## - PUBLICACIÓN, DISTRIBUCIÓN, ETC. | |
| Lugar de publicación, distribución, etc. | Madrid : |
| Nombre del editor, distribuidor, etc. | Centro Editorial de Góngora, |
| Fecha de publicación, distribución, etc. | 1889 ( |
| Fabricante | J. Góngora y Alvarez) |
| 300 ## - DESCRIPCIÓN FÍSICA | |
| Extensión | 42 p. ; |
| Dimensiones | 19 cm. |
| 650 #4 - PUNTO DE ACCESO ADICIONAL DE MATERIA--TÉRMINO DE MATERIA | |
| Término de materia o nombre geográfico como elemento de entrada | Historia- |
| Subdivisión de forma | Programas de estudio. |
| 9 (RLIN) | 157269 |
| 852 ## - LOCALIZACIÓN | |
| Ubicación | ES-MaACL |
| Número de control de estantería | T-887-F-3 |
| Nota libre | - Enc. hol., conservanfo la enc. editorial |
| -- | - Enc. en un vol. facticio |
| Estatus retirado | Estado de pérdida | Estado de daño | No para préstamo | Colección | Biblioteca de origen | Biblioteca actual | Ubicación en estantería | Fecha de adquisición | Total de préstamos | Signatura topográfica completa | Código de barras | Visto por última vez | Precio de reemplazo | Tipo de ítem Koha |
|---|---|---|---|---|---|---|---|---|---|---|---|---|---|---|
| Colección de folletos | Biblioteca del Ateneo de Madrid | Biblioteca del Ateneo de Madrid | Depósito folletos | 17/01/2008 | T-887-F-3 | 1163759 | 23/02/2023 | 23/02/2023 | Folleto |
